01315nam a2200277 a 4500001001000000005001700010008004100027041000800068044000700076084002000083100004500103245008500148260004500233300001900278440005400297440004200351500021900393500011500612500001100727650005200738650005600790650003400846650004500880700006200925740005000987BRCA_254520190320203846.0261108s1867----fr-#---###---#000-0dspa-u aspa afr a162b.B39c18671 aCervantes Saavedra, Miguel ded1547-161610aEl Hidalgo Don Quijote de la Manchaccompuesto por Miguel de Cervantes Saavedra. aParísbBaundry, Libreria europeac1867 a679 p.c22 cm. 0aColección de los mejores autores españolesn1 0aObras de Miguel de Cervantes Saavedra aContenido : Primera parte. Vida de Cervantes por M. Fernández de Navarrete. Dedicatoria del autor. Prólogo del autor. Versos preliminares. Texto. Segunda parte. Dedicatoria del autor. Prólogo del autor. Texto aCopia de la edición de 1861 del mismo editor. Semipiel; lomera decorada con adornos dorados Lúdovik Osterc aQM148A14aNovela españolayÉpoca clásica, 1500-170014aLiteratura españolayÉpoca clásica, 1500-170014aNovela españolaySiglo XVII14aDon Quijote (Personaje ficticio)eNovela1 aFernández de Navarrete, Martínd1765-1844eBiógrafo0 aEl Ingenioso Hidalgo Don Quijote de la Mancha